000 00330nam a2200133 i 4500
001 bg
100 1 _aJUDGE, Arthur W.
245 0 _aObsługa wyposażenia elektrycznego samochodów /
_cArthur W. Judge.
260 _aWarszawa,
_c1978.
040 _cBPK
041 _apol
942 _cKS
008 s pl f |000 0 pol
999 _c9972
_d9972
856 _uhttp://koha.tu.koszalin.pl/cgi-bin/koha/opac-detail.pl?biblionumber=9972
_yKatalog online BPK